000
00262nam a2200121#a 4500
001
01442
003
HDC
007
ta
008
230623s2023 xx 000 0 eng d
040
_a
HDC
245
0
_a
Tv new clips and radio [GMD] :
_b
HDC and Colgate.
942
_2
lcc
999
_c
23008
_d
23008